| 000 | 01163cam a22003497a 4500 | ||
|---|---|---|---|
| 003 | CHAP | ||
| 005 | 20220817044214.0 | ||
| 008 | 080326d2006 us a r 00110 eng d | ||
| 010 | _a94644 | ||
| 011 | _a95616 | ||
| 020 | _a9781578084265 | ||
| 035 | _a106244 | ||
| 040 | _cCHAP | ||
| 082 | 0 | 0 |
_a634.9 _bW64 |
| 100 | 1 |
_aWojtkowski, Paul A. _9122412 |
|
| 245 | 1 | 0 |
_aUndoing the damage : _bsilviculture for ecologists and environmental scientists _c/by Paul A. Wojtkowski |
| 260 |
_aEnfield, New Hampshire : _bScience Publishers, _c2006 |
||
| 300 |
_aviii, 313 p. : _bilus. ; gráfs. |
||
| 590 |
_aBATCH-UPD _b10 _c20130110 _lUCH01 _h0612 |
||
| 590 |
_aBATCH-UPD _b10 _c20130410 _lUCH01 _h0254 |
||
| 590 |
_aBATCH-UPD _b10 _c20130914 _lUCH01 _h0703 |
||
| 590 |
_aCONVERSION _b10 _c20130109 _lUCH01 _h1352 |
||
| 650 | 1 | 4 |
_aBosques. _914002 |
| 650 | 1 | 4 |
_aBosques _xAdministración. _914003 |
| 650 | 1 | 4 |
_aBosques _xPreservación. |
| 650 | 1 | 4 |
_aMedio ambiente. _974065 |
| 650 | 1 | 4 |
_aOrganización. _983533 |
| 650 | 1 | 4 |
_aSilvicultura. _9106109 |
| 901 | _aBK | ||
| 942 | _cLIBRO | ||
| 949 |
_a634.9 W64 _bBC _cLIBRO _d33724002053389 _eLIBRO _gI.c/e _h109276 _i106244 _si _t$520.13 |
||
| 999 |
_c94644 _d94644 |
||